Female Firsts Quiz Stats

 Plays Quiz Updated Oct 2, 2019

Score 0/30 Timer 07:00
3 Plays Today
The first... Woman % Correct
to be inducted into the Rock & Roll Hall of FameAretha Franklin
85.1%
Prime Minister of the United KingdomMargaret Thatcher
75.7%
presidential nominee for a major US partyHillary Clinton
75.4%
to fly solo across the Atlantic OceanAmelia Earhart
74.4%
First Lady (US)Martha Washington
70.6%
Nobel Prize winner (Physics, Chemistry)Marie Curie
67.3%
deaf-blind person to earn a BA degreeHelen Keller
65.9%
designer to have her name on perfumeCoco Chanel
61.3%
to see the resurrected Christ, according to the Gospel of JohnMary Magdalene
56.7%
Playboy centerfold Marilyn Monroe
54.3%
to marry Henry VIIICatherine of Aragon
53.4%
Chancellor of GermanyAngela Merkel
53.1%
to appear on US coinageSusan B. Anthony
52.4%
US Supreme Court JusticeSandra Day O'Connor
51.3%
Prime Minister of IndiaIndira Gandhi
50%
The first... Woman % Correct
Prime Minister of IsraelGolda Meir
47.1%
South American First Lady to appear on the cover of Time magazineEva Perón
46.3%
woman in spaceValentina Tereshkova
44.8%
to head a professional athletic league (World Team Tennis)Billie Jean King
38.8%
elected to Prime Minister of a Muslim state (Pakistan)Benazir Bhutto
36.8%
solo host of the Academy AwardsWhoopi Goldberg
36.7%
to head a major television studio (Desilu Productions)Lucille Ball
36.7%
to win the Academy Award for Best DirectorKathryn Bigelow
28.1%
to achieve an EGOT (Emmy, Grammy, Oscar and Tony)Barbra Streisand
19.4%
'60 Minutes' correspondentDiane Sawyer
16.9%
to win an IndyCar auto raceDanica Patrick
16.8%
Australian Prime MinisterJulia Gillard
14.6%
Fortune 500 CEO (Washington Post)Katharine Graham
13.6%
Canadian Prime MinisterKim Campbell
11%
to be awarded the Pulitzer Prize for Literature Edith Wharton
7%

You're not logged in!

Compare scores with friends on all Sporcle quizzes.
OR
Log In

Sporcle TV

Today on Sporcle TV


Watch our educational content, quiz creation guides, and fun videos on Sporcle TV.

Show Comments

Extras

Top Quizzes Today


Score Distribution

Your Account Isn't Verified!

In order to create a playlist on Sporcle, you need to verify the email address you used during registration. Go to your Sporcle Settings to finish the process.

Report this User

Report this user for behavior that violates our Community Guidelines.

Details: